000 00577nam a22002177a 4500
003 UA-OsUOA
001 56069
007 ta
008 20080930b un ||||| |||| 00| 0 ukr d
100 _aІльницький М
090 _a82
_bИ99
942 _cSA
040 _aUA-OsUOA
_bukr
_cUA-OsUOA
_dUA-OsUOA
245 _aУ Шевченківському слові - Шевченків зміст
300 _aС.150-152
955 _a0
041 _aukr
080 _a82
773 0 _w56066
650 7 _a82 Література. Літературознавство
_2UDC
999 _c342077
_d342077